000 00299nam a22001337a 4500
008 180104b xxu||||| |||| 00| 0 eng d
020 _a070989106208
041 _aeng
080 _a32
100 _a19
101 _aPOL
245 _aTIME POTRAITS OF THE PRESIDENTS
_cKELLY.K
942 _2udc
_cBK
999 _c39773
_d39773